header

Psychoanalytic psychotherapy of the severely disturbed adolescent (Record no. 221571)

MARC details
000 -LEADER
fixed length control field 01518nam a2200361 a 4500
245 00 - TITLE STATEMENT
Title Psychoanalytic psychotherapy of the severely disturbed adolescent
260 ## - PUBLICATION, DISTRIBUTION, ETC. (IMPRINT)
Place of publication London :
Name of publisher Karnac Books,
Year of publication 1999.
300 ## - PHYSICAL DESCRIPTION
Number of Pages xxii, 189 p.
490 1# - SERIES STATEMENT
Series statement EFPP clinical monograph series
650 #0 - SUBJECT ADDED ENTRY--TOPICAL TERM
Topical Term Adolescent psychology.
Topical Term Adolescent analysis.
700 1# - ADDED ENTRY--PERSONAL NAME
Personal name Anastopoulos, Dimitris.
Personal name Laylou-Lignos, Effie.
Personal name Waddell, Margot.
856 40 - ELECTRONIC LOCATION AND ACCESS
Uniform Resource Identifier http://site.ebrary.com/lib/rucke/Doc?id=10477703

No items available.

© 2026 Rongo University
Contact us: librarian | system librarian | Rongo university